Pementoran dalam perkhidmatan awam : Panduan untuk mentor menti
| Format: | Book |
|---|---|
| Published: |
Cyberjaya :
Jabatan Perkhidmatan Awam ,
2013
|
| Subjects: |
MARC
| LEADER | 00000cam a2200000 7i4500 | ||
|---|---|---|---|
| 001 | 0000004192 | ||
| 005 | 20190521.0 | ||
| 020 | 0 | 0 | |a 9789839187182 |
| 090 | 0 | 0 | |a 361.0609595 |b MEN 2013 |
| 245 | 1 | 0 | |a Pementoran dalam perkhidmatan awam : |b Panduan untuk mentor menti |
| 260 | 0 | 0 | |a Cyberjaya : |b Jabatan Perkhidmatan Awam , |c 2013 |
| 300 | |a vi.130 : |b .ill ; |c 25cm. | ||
| 650 | 0 | 0 | |a Mentoring in public administration---Malaysia |
| 650 | 0 | 0 | |a Peer counseling --Malaysia |
| 998 | |a JPSM | ||
| 999 | |a 008085 |b Monograph |c Open Shelf |e Default branch | ||